| 000 | 00469pab a2200169 454500 | ||
|---|---|---|---|
| 008 | 180718b2007 xxu||||| |||| 00| 0 eng d | ||
| 100 | _aPrasad, V. Vijay Durga | ||
| 245 | _aA decisive analysis of amenities of Indian railways to the passengers | ||
| 260 | _c2007 | ||
| 300 | _ap.164-77. | ||
| 362 | _aJul-Sep, Oct-Dec | ||
| 650 | _aRailways - India | ||
| 650 | _aRailways | ||
| 773 | _aJournal of Institute of Public Enterprises | ||
| 908 | _aN | ||
| 909 | _a80180 | ||
| 999 |
_c80180 _d80180 |
||